| 000 | 00602cam a22002051 4500 | ||
|---|---|---|---|
| 001 | ca 09004346 | ||
| 003 | DLC | ||
| 005 | 20260227111050.0 | ||
| 008 | 870708s1884 nyu 000 0 eng | ||
| 010 | _aca 09004346 | ||
| 035 | _a(OCoLC)16146311 | ||
| 040 |
_aDLC _cTNJ _dTNJ _dDLC |
||
| 042 | _apremarc | ||
| 050 | 0 | 0 |
_aPZ3.N798 _bMat4 _aPR5112.N25 |
| 100 | 1 |
_aNorris, W. E. _q(William Edward), _d1847-1925. |
|
| 245 | 1 | 0 |
_aMatrimony. _bA novel. _cby W. E. Norris ... |
| 260 |
_aNew York, _bHarper & brothers _c[1884] |
||
| 300 |
_a95 p. _c30 cm. |
||
| 490 | 0 |
_aHarper's Franklin square library, _vno. 390 |
|
| 999 |
_c14010 _d14010 |
||